NLSUI OPAC header image

Child labour and education policy in India (Record no. 36755)

MARC details
000 -LEADER
fixed length control field 00420nam a2200157Ia 4500
008 - FIXED-LENGTH DATA ELEMENTS--GENERAL INFORMATION
fixed length control field 160316s1996 xxu||||| |||| 00| 0 eng d
082 ## - DEWEY DECIMAL CLASSIFICATION NUMBER
Classification number 346.017000
Item number SIN
100 ## - MAIN ENTRY--PERSONAL NAME
Personal name Sinha Shantha
245 ## - TITLE STATEMENT
Title Child labour and education policy in India
250 ## - EDITION STATEMENT
Edition statement
260 ## - PUBLICATION, DISTRIBUTION, ETC.
Place of publication, distribution, etc. Secunderabad
Name of publisher, distributor, etc. M.Venkarangaiya Foundation
Date of publication, distribution, etc. 1996
300 ## - PHYSICAL DESCRIPTION
Extent 9
Other physical details
Dimensions
365 ## - TRADE PRICE
Price amount
650 ## - SUBJECT ADDED ENTRY--TOPICAL TERM
Topical term or geographic name entry element 1. Child labour - education policy
700 ## - ADDED ENTRY--PERSONAL NAME
Personal name
--
Holdings
Withdrawn status Lost status Damaged status Not for loan Home library Current library Shelving location Date acquired Total Checkouts Full call number Barcode Date last seen Price effective from Koha item type
        NLS NLS   30/05/2017   346.017 SIN REP300145 30/05/2017 30/05/2017 Repository